01331pab a2200169 454500008004000000100002000040245003400060260000900094300001400103362000800117520086600125650001400991773002501005909001001030999001701040952010401057180718b2002 xxu||||| |||| 00| 0 eng d aSwanstrom, Todd aAre fear and urbanism at war? c2002 ap.135-40. aSep aDense cities are vulnefrable to terrorist attacks. Therefore, some scholars argue, we should deconcentrate American cities further, denying future terrorists targets of opportunity. But fleeing dense and diverse cities would undermine one of our greatest strengths in the so-called war on terrorism. Cities have frequently been dangerous places, but over the centuries people have flocked to them because of the economic opportunities and freedom they offer. As a way of life, urbanism promotes toleration of differences and delegitimizes efforts to root political power in revealed religion. These modern beliefs are essential in the struggle against terrorism. The main threat to cities comes not from terrorism but from the policy responses to terrorism that could undermine the freedom of thought and movement that are the lifeblood of cities. - Reproduced. aTerrorism aUrban Affairs Review a56342 c56342d56342 00104070aIIPAbIIPAd2018-07-19hVolume no: 38, Issue no: 1pAR56787r2018-07-19w2018-07-19yAR